|
|
|
|
| LEADER |
00000nam0a2200000 4500 |
| 001 |
174096 |
| 005 |
20231031164607.0 |
| 035 |
|
|
|a (RuTPU)RU\TPU\book\188796
|
| 090 |
|
|
|a 174096
|
| 100 |
|
|
|a 20100119d1962 m y0rusy50 ca
|
| 101 |
0 |
|
|a rus
|
| 102 |
|
|
|a RU
|
| 105 |
|
|
|a a z 000zy
|
| 200 |
1 |
|
|a Вместе отстаивать мир на Земле
|f сост. И. Антонова
|
| 210 |
|
|
|a Москва
|c Советский художник
|d 1962
|
| 215 |
|
|
|a 97 с.
|c ил.
|
| 610 |
1 |
|
|a искусство
|
| 610 |
1 |
|
|a изобразительное искусство
|
| 610 |
1 |
|
|a альбомы
|
| 610 |
1 |
|
|a мир
|
| 610 |
1 |
|
|a сторонники мира
|
| 610 |
1 |
|
|a движение за мир
|
| 675 |
|
|
|a 75С2
|v 3
|
| 675 |
|
|
|a 75И
|v 3
|
| 702 |
|
1 |
|a Антонова
|b И.
|4 220
|
| 801 |
|
1 |
|a RU
|b 63413507
|c 20100119
|
| 801 |
|
2 |
|a RU
|b 63413507
|c 20101112
|g RCR
|
| 942 |
|
|
|c BK
|